00363 2200157 4500001002100000005001500021035002000036245004600056100001900102250000600121300001200127260003200139082000800171084001400179990001200193INLIS00000000000245220250604103801 a0010-06250000381 aBuku Pintar Seri Senior /cH.M. Iwan Gayo0 aH.M. Iwan Gayo a1 a200 hlm bPustaka Warga Negara,c2006 a370 a370 H.M b a0712292